000 00543nam a22001937a 4500
999 _c737
_d737
003 OSt
005 20190827112654.0
008 141111b xxu||||| |||| 00| 0 eng d
020 _a9788173816482
040 _cDNLM
082 _aWQ 100 D95t 2011
100 _aDutta D. C; Konar Hiralal
_91364
245 _aTextbook of Obstetrics including Perinatology and conception
260 _aLondon :
_bNew Central Book Agency LTD ;
_c2011
300 _axvi, 688p
_bcol ill
504 _aIncludes index.
650 _aObstetrics
_95
942 _2z
_cSLOAN